000 01084nam a22002537a 4500
008 160730s2006 sp||||| |||| 00| 0 spa d
020 _a848026313X
082 0 4 _a708
_bM986v
110 1 _aMuseo Nacional Centro de Arte Reina Sofía.
_91491
245 1 0 _aVídeo :
_bel principio, cuaderno didáctico /
_cDepartamento de Educación del Museo Nacional Centro de Arte Reina Sofía ; textos por Pablo Martínez.
250 _a1a ed.
260 _aMadrid, España :
_bMuseo Nacional Centro de Arte Reina Sofía,
_c2006.
300 _a32 p.
_bil. col.
500 _aPublicado en conjunto con la exposición "Primera Generación, Arte e Imagen en Movimiento, 1963-1986" celebrada en el Museo Nacional Centro de Arte Reina Sofía del 7 de noviembre de 2006 al 2 de abril de 2007.
653 1 0 _aVideoarte
653 1 0 _aVideo - Historia - Contexto social
653 1 0 _aVideoinstalaciones
653 1 0 _aTelevisión
653 1 0 _aArte visual
653 1 0 _aProducción audiovisual
653 1 0 _aCámaras de video
653 1 0 _aExhibiciones
700 1 _aMartínez, Pablo.
_etextos.
_95325
999 _c988
_d988